| 000 | 00621nam a22001817a 4500 | ||
|---|---|---|---|
| 003 | BD-DhUL | ||
| 005 | 20180219143224.0 | ||
| 008 | 180219s1966 bg |||| |||| 000 0 ben d | ||
| 040 |
_aBD-DhUL _cBD-DhUL |
||
| 082 |
_a891.443 _bSHN |
||
| 100 | 1 | _aহক, শামসুল। | |
| 245 | 1 |
_aনদীর নাম তিসতা / _cশামসুল হক। |
|
| 260 |
_aঢাকা : _bস্টুডেন্ট ওয়েজ, _c১৯৬৬। |
||
| 300 |
_a১১৭ পৃ. ; _c২১ সেমি. |
||
| 650 | 4 | _aবাংলা উপন্যাস | |
| 650 | 4 | _aBengali fiction | |
| 942 |
_2ddc _cBK |
||
| 999 |
_c238223 _d238223 |
||